Historia de los Papas / (Record n. 12199)
[ formato base ]
| 000 -LEADER | |
|---|---|
| fixed length control field | 01097nam a2200277 i 4500 |
| 003 - CONTROL NUMBER IDENTIFIER | |
| control field | IT-RoINE |
| 005 - DATE AND TIME OF LATEST TRANSACTION | |
| control field | 20160622061443.0 |
| 008 - FIXED-LENGTH DATA ELEMENTS--GENERAL INFORMATION | |
| fixed length control field | 960722s1948 sp r |dspa d |
| 040 ## - CATALOGING SOURCE | |
| Original cataloging agency | SpMaBN |
| Transcribing agency | CDM IT-RoINE |
| 041 1# - LANGUAGE CODE | |
| Language code of text/sound track or separate title | spa |
| Language code of original and/or intermediate translations of text | ita |
| 100 1# - MAIN ENTRY--PERSONAL NAME | |
| Personal name | Saba, Agostino, |
| Titles and other words associated with a name | Arzobispo de Sassari, |
| Dates associated with a name | 1888-1962 |
| 9 (RLIN) | 24901 |
| 240 10 - UNIFORM TITLE | |
| Uniform title | Storia dei Papi. |
| Number of part/section of a work | Italiano |
| 245 10 - TITLE STATEMENT | |
| Title | Historia de los Papas / |
| Statement of responsibility, etc | Agustín Saba, [y Carlos Castiglioni] ; prólogo a la edición español Bernardino Llorca, S.J. |
| 260 ## - PUBLICATION, DISTRIBUTION, ETC. (IMPRINT) | |
| Place of publication, distribution, etc | Barcelona : |
| Name of publisher, distributor, etc | Labor, |
| Date of publication, distribution, etc | 1948. |
| 300 ## - PHYSICAL DESCRIPTION | |
| Extent | 2 v., 32 h. de lám. : |
| Other physical details | grab., facs., mapas ; |
| Dimensions | 28 cm. |
| 336 ## - CONTENT TYPE | |
| Source | rdacontent |
| Content type term | text |
| 337 ## - MEDIA TYPE | |
| Source | rdamedia |
| Media type term | unmediated |
| 338 ## - CARRIER TYPE | |
| Source | rdacarrier |
| Carrier type term | volume |
| 500 ## - GENERAL NOTE | |
| General note | Traducción de: Storia dei Papi. |
| 505 0# - FORMATTED CONTENTS NOTE | |
| Formatted contents note | T. 1: Desde San Pedro a Celestino / Agustín Saba -- T. 2: Desde Bonifacio VIII a Pío XII / Carlos Castiglioni. |
| 610 24 - SUBJECT ADDED ENTRY--CORPORATE NAME | |
| 9 (RLIN) | 1635 |
| Corporate name or jurisdiction name as entry element | Iglesia Católica |
| General subdivision | Historia |
| 650 #4 - SUBJECT ADDED ENTRY--TOPICAL TERM | |
| 9 (RLIN) | 21241 |
| Topical term or geographic name as entry element | Papas |
| General subdivision | Historia |
| 700 1# - ADDED ENTRY--PERSONAL NAME | |
| Personal name | Castiglioni, Carlo, |
| Dates associated with a name | 1884-1964 |
| 9 (RLIN) | 24902 |
| 700 1# - ADDED ENTRY--PERSONAL NAME | |
| Personal name | Llorca, Bernardino, |
| Titles and other words associated with a name | S.I., |
| Dates associated with a name | 1898-1985 |
| 9 (RLIN) | 5682 |
| 942 ## - ADDED ENTRY ELEMENTS (KOHA) | |
| Item type | Monografías |
| Withdrawn status | Lost status | Damaged status | Not for loan | Home library | Current library | Date acquired | Total Checkouts | Full call number | Barcode | Date last seen | Price effective from | Koha item type | Public note |
|---|---|---|---|---|---|---|---|---|---|---|---|---|---|
| Iglesia Nacional Española en Roma | Iglesia Nacional Española en Roma | 22/06/2016 | HIS.ECL 51.1 | 27135 | 22/06/2016 | 22/06/2016 | Monografías | T. 1: Desde San Pedro a Celestino | |||||
| Iglesia Nacional Española en Roma | Iglesia Nacional Española en Roma | 22/06/2016 | HIS.ECL 51.2 | 27136 | 22/06/2016 | 22/06/2016 | Monografías | T. 2: Desde Bonifacio VIII a Pío XII. |